Classifica Marcatori Inter All-Time - Statistics

Statistiche generali
  • Questo quiz è stato fatto 368 volte
    121 dall'ultimo reset
  • Il punteggio medio è 6 su 10
Statistiche sulle risposte
Gol Nazione Stagioni all'Inter Risposta % Corretto
153 Argentina 2018- Lautaro Martinez
96%
124 Argentina 2013-2019 Mauro Icardi
94%
284 Italia 1927-1940, 1946-1947 Giuseppe Meazza
91%
123 Italia 1999-2005 Christian Vieri
84%
161 Italia 1960-1977 Sandro Mazzola
61%
209 Italia 1977-1988 Alessandro Altobelli
55%
171 Italia 1969-1976 Roberto Boninsegna
36%
133 Ungheria 1947-1958 István Nyers
27%
143 Italia 1947-1958 Benito Lorenzi
16%
158 Argentina 1912-1915, 1919-1921, 1922-1927 Luigi Cevenini
12%
Nessun quiz corrispondente trovato
Distribuzione punteggi
Percentuale di utenti per punteggio
Percentile per numero di risposta
I tuoi punteggi nel tempo
Non hai fatto questo quiz dall'ultimo reset